| 000 -ლიდერი |
| ფიქსირებული სიგრძის საკონტროლო ველი |
01056nam a2200241Ia 4500 |
| 001 - საკონტროლო ნომერი |
| საკონტროლო ველი |
6960 |
| 003 - საკონტროლო ნომრის იდენტიფიკატორი |
| საკონტროლო ველი |
GE_BSU |
| 005 - ბოლო ოპერაციის თარიღი და დრო |
| საკონტროლო ველი |
20190602011001.0 |
| 008 - ფიქსირებული სიგრძის მონაცემთა ელემენტები - ზოგადი ინფორმაცია |
| ფიქსირებული სიგრძის საკონტროლო ველი |
181216s1964||||ge |||||||||||||| ||geo|| |
| 040 ## - კატალოგიზაციის წყარო |
| Transcribing agency |
GE_BSU |
| 041 ## - ენის კოდი |
| Language code of text/sound track or separate title |
geo |
| 080 ## - უნივერსალური ათობითი კლასიფიკაციის ინდექსი |
| Universal Decimal Classification number |
69.051 შ-48 |
| 100 ## - მთავარი ჩანაწერი - პიროვნების სახელი |
| Personal name |
შენგელია, ი. |
| 9 (RLIN) |
1954 |
| 245 ## - ცნობა სათაურის შესახებ |
| Title |
დამხმარე საწარმოების ორგანიზაცია მშენებლობაზე / |
| Statement of responsibility, etc |
ი. შენგელია, ს. ვახტანგაძე ; რედ. ბ. პატარაია. |
| 260 ## - გამოქვეყნების, გავრცელების, და სხვა. ცნობები |
| Place of publication, distribution, etc |
თბ. |
| 260 ## - გამოქვეყნების, გავრცელების, და სხვა. ცნობები |
| Name of publisher, distributor, etc |
საბჭოთა საქართველო. |
| 260 ## - გამოქვეყნების, გავრცელების, და სხვა. ცნობები |
| Date of publication, distribution, etc |
1964. |
| 300 ## - ფიზიკური აღწერა |
| Extent |
140 გვ. : |
| Other physical details |
ნახაზები ; |
| Dimensions |
20 სმ. |
| 504 ## - BIBLIOGRAPHY, ETC. NOTE |
| Bibliography, etc |
ბიბლიოგრ.: გვ.138-139. |
| 653 ## - INDEX TERM--UNCONTROLLED |
| Uncontrolled term |
დამხმარე საწარმოების ორგანიზაცია მშენებლობაზე |
| 700 ## - ADDED ENTRY--PERSONAL NAME |
| Personal name |
ვახტანგაძე, ს. |
| Relator term |
ავტორი |
| 9 (RLIN) |
1955 |
| 942 ## - ADDED ENTRY ELEMENTS (KOHA) |
| Koha item type |
წიგნი |
| Source of classification or shelving scheme |
|